LEADER 01316nam a2200301 u 4500 001 000000015135 003 CaOOAMICUS 005 20070226105839.0 008 941214s1994 it u000 u ita u 020 $a88-10-40119-0 035 $a10355434 040 $aPUL$bita 100 1 $aPesce, Mauro.$0(OLS)http://pul/name/2149 245 13$aIl cristianesimo e la sua radice ebraica :$bcon una raccolta di testi sul dialogo ebraico-cristiano /$cMauro Pesce. 260 $aBologna :$bEdizioni Dehoniane,$cc1994. 300 $a237 p. ;$c21 cm 490 1 $aCollana Ecumenismo 504 $aBibliografia: p. 217-233. 650 4$aCristianesimo e altre religioni$xGiudaismo.$0(OLS)http://pul/subject/2372 830 0$aCollana Ecumenismo.$0(OLS)http://pul/title/21714 850 $aPUL 852 $aPUL$W1$xSL Religione 1$y3$m7(1) G 35$j21209$nBK-PRI$b $qStampati$B21209$CPULBib$Z2$F21209 $H $81 941 1 $a8 960 $aGiudaismo$xRelazioni$xCristianesimo$92372 961 $aINV: 71279 996 $6020$a88-10-40119-0$9(OLS)http://pul/number/19229 996 $6245$aIl cristianesimo e la sua radice ebraica :$bcon una raccolta di testi sul dialogo ebraico-cristiano$9(OLS)http://pul/title/21713 996 $6260$aBologna :$bEdizioni Dehoniane$9(OLS)http://pul/publisher/48070 LEADER 00887naa a2200217 u 4500 001 000000094383 003 CaOOAMICUS 005 20070226130138.0 008 040329s1972 it u000 u eng u 035 $a10988679 040 $aIAR$bita 100 1 $aSasson, Jack Murad.$0(OLS)http://pul/name/35638 245 10$aFlora, Fauna and Minerals /$cJack M. Sasson. 260 $aRoma :$bPontif. Inst.Bib.,$c1972. 300 $aS., 383-452, ;$c29 cm 650 4$aLingua ebraica$xGlossari, vocabolari, ecc.$0(OLS)http://pul/subject/27566 650 4$aLingua ugaritica$xGlossari, vocabolari, ecc.$0(OLS)http://pul/subject/30153 773 0 $aRas Shamra parallels.$gv.1 773 0 $tRas Shamra parallels : the texts from Ugarit and Hebrew Bible$w()3813 996 $6245$aFlora, Fauna and Minerals$9(OLS)http://pul/title/121251 996 $6260$aRoma :$bPontif. Inst.Bib.$9(OLS)http://pul/publisher/79178